000 00879nam a2200277Ia 4500
003 OSt
005 20221005113951.0
006 a|||||r|||| 00| 0
007 ta
008 221004b |||||||| |||| 00| 0 eng d
020 _a9781402069215 (hbk)
_c8462.34
024 _a97727
037 _b05476, 27/02/2009, Atlantic Publisher & Dist. Pvt Ltd.
_cTextual
040 _aCRL
_cCRL
_beng
041 _2eng
_aeng
082 _aF9G, P8.1
100 _aLustig B. Andrew Ed.
245 0 _aAltering Nature
260 _c2008
490 _vV1
_aPhilosophy and medicine; Vol. 97
650 _aTECHNOLOGY
700 _a Brody Baruch A. Ed.
700 _a McKenny Gerald P. Ed.
942 _hF9G, P8.1
_cTEXL
_2cc
999 _c1029901
_d1029901